Tout les personnages Valorant avec indice - Statistiques

Statistiques générales
  • Ce quiz a été pris 95 fois
  • Le résultat moyen est 23 sur 27
Statistiques - réponses
Personnage Pays Rôle Noms de l'ult % Correct
10 Reyna Méxique Duelliste IMPÉRATRICE
95%
15 Astra Ghana Contrôleur FORME ASTRALE / DIVISION COSMIQUE
94%
3 Omen vient de la Terre Contrôleur DEPUIS LES OMBRES
94%
7 Sage République populaire de Chine Sentinelle RÉSURRECTION
94%
2 Viper États-Unis Contrôleur NID DE VIPÈRES
94%
5 Cypher Maroc Sentinelle VOL NEURAL
92%
8 Jett Corée du Sud Duelliste TEMPÊTE DE LAMES
92%
1 Brimstone États-Unis Contrôleur RAYON ORBITAL
90%
16 Chamber France Sentinelle TOUR DE FORCE
90%
11 Raze Brésil Duelliste BOUQUET FINAL
88%
6 Sova Russie Initiateur FUREUR DU CHASSEUR
88%
4 Killjoy Allemagne Sentinelle CONFINEMENT
87%
9 Phoenix Angleterre Duelliste REVANCHE
87%
20 Gekko États-Unis Initiateur MORDICUS
86%
22 Iso République populaire de Chine Duelliste Duel à huis clos
85%
14 Yoru Japon Duelliste X - TRANSFERT DIMENSIONNEL
85%
12 Breach Suède Initiateur ONDE SISMIQUE
83%
18 Fade Turquie Initiateur NUIT TOMBANTE
82%
15 KAY/O Terre alternative Initiateur CMD/NULL
81%
21 Deadlock Norvège Sentinelle ANNIHILATION
79%
17 Neon Philippines Duelliste SURRÉGIME
79%
13 Skye Australie Initiateur X - Traqueurs
78%
23 Clove Écosse Contrôleur Toujours debout
77%
24 Vyse Origine Sunset Sentinelle Jardin d'acier
77%
19 Harbor Inde Contrôleur JUGEMENT
74%
26 Waylay Thaïlande Duelliste Croisée des chemins
73%
25 Tejo Colombie Initiateur Apocalypse
68%
Aucun quiz correspondant
Distribution des résultats
% des personnes avec chaque résultat
Percentile par nombre de réponses
Votre historique - résultats
Vous n’avez pas pris ce quiz